000 00478nam a2200169Ia 4500
008 240729s9999 xx 000 0 und d
022 _a2384-0250
245 0 _aChildhood Kidney Diseases
260 _aKorea, Republic of
260 _bKorean Society of Pediatric Nephrology
650 _a Internal medicine | Medicine
650 _a Pediatrics
650 _aMedicine
856 _uhttps://doaj.org/toc/a2bbaf45737f4ed081a66cc83e047d7e
942 _2ddc
942 _cDOAJEJ
999 _c70732
_d70732
945 _a1
_bMadushi Gamage
_c1
_dMadushi Gamage